[Event "XXVII. Rhein-Main-Open, Gruppe B"]
[Site "Bad Homburg vor der Höhe"]
[Date "2025.06.22"]
[Round "7.1"]
[White "Hensel, Roman"]
[Black "Ahrends, Norbert"]
[Result "1/2-1/2"]
[WhiteElo "1779"]
[BlackElo "1964"]
[PlyCount "66"]
[EventDate "2025.06.18"]
[WhiteTeam "SV Oberursel"]
[BlackTeam "SK 1980 Gernsheim"]

1. d4 d5 2. c4 e6 3. Nf3 c6 4. e3 Nf6 5. Nc3 Nbd7 6. Be2 dxc4 7. a4 Bb4 8. Bxc4 O-O 9. O-O c5 10. d5 Nb6 11. Bb3 Nbxd5 12. Nxd5 exd5 13. Ne5 Ba5 14. Bd2 Bc7 15. Bc3 Re8 16. Nf3 c4 17. Bc2 Ne4 18. Qd4 Nxc3 19. bxc3 Be6 20. Rab1 b6 21. Rfd1 Qe7 22. a5 Rad8 23. axb6 Bxb6 24. Qf4 f6 25. Nd4 Bxd4 26. Qxd4 Rb8 27. Ra1 Rb7 28. Ra5 Rc8 29. Rda1 Rcc7 30. Qh4 g6 31. Qd4 Bf7 32. Ra6 Kg7 33. g4 Qe5 1/2-1/2

[Event "XXVII. Rhein-Main-Open, Gruppe B"]
[Site "Bad Homburg vor der Höhe"]
[Date "2025.06.22"]
[Round "7.2"]
[White "Tsiapouris, Michael"]
[Black "Negru, Maximilian"]
[Result "1-0"]
[WhiteElo "1882"]
[BlackElo "1694"]
[PlyCount "97"]
[EventDate "2025.06.18"]
[WhiteTeam "SK Rochade Augsburg"]
[BlackTeam "SK Bad Homburg 1927"]

1. Nf3 e6 2. g3 d5 3. Bg2 c5 4. d3 Nc6 5. Nbd2 Bd6 6. e4 Nge7 7. O-O O-O 8. Nh4 Rb8 9. f4 b5 10. Ndf3 a5 11. Ng5 f6 12. Nh3 Bc7 13. Be3 Bb6 14. Qe2 c4 15. Qf2 Nb4 16. Bxb6 Qxb6 17. dxc4 Nxc2 18. c5 Qc7 19. Qxc2 d4 20. Nf2 Nc6 21. Nd3 Ba6 22. Nf3 b4 23. Rfc1 Qb7 24. Nd2 e5 25. Qb3+ Kh8 26. Nc4 Qb5 27. a4 bxa3 28. Qxb5 Bxb5 29. Rxa3 exf4 30. gxf4 Rfc8 31. Nd6 Rc7 32. Nxb5 Rxb5 33. Rc4 g5 34. fxg5 Ne5 35. Rxd4 Nxd3 36. Raxd3 Rcxc5 37. gxf6 Kg8 38. Rd2 Kf7 39. Rd6 Rc1+ 40. Kf2 Rb1 41. Bf3 R1xb2 42. Rxb2 Rxb2+ 43. Kg3 Kg6 44. e5 Rb4 45. Bh5+ Kxh5 46. f7 Rb8 47. Rf6 Rf8 48. e6 Kg5 49. e7 1-0

[Event "XXVII. Rhein-Main-Open, Gruppe B"]
[Site "Bad Homburg vor der Höhe"]
[Date "2025.06.22"]
[Round "7.4"]
[White "Mühlpfordt, Werner"]
[Black "Meyer-Jany, Marcel"]
[Result "1/2-1/2"]
[WhiteElo "1958"]
[BlackElo "1810"]
[PlyCount "107"]
[EventDate "2025.06.18"]
[WhiteTeam "SC 1997 Lambsheim"]
[BlackTeam "SK Herborn 1946"]

1. e4 c6 2. d4 d5 3. Nc3 dxe4 4. Nxe4 Bf5 5. Ng3 Bg6 6. h4 h6 7. Nf3 Nf6 8. Ne5 Bh7 9. Bd3 Bxd3 10. Qxd3 e6 11. Bd2 Nbd7 12. f4 Qc7 13. O-O-O c5 14. f5 cxd4 15. Nxd7 Qxd7 16. fxe6 fxe6 17. Bf4 Bc5 18. Be5 O-O-O 19. Ne4 Nxe4 20. Qxe4 Rhg8 21. Rhe1 Qd5 22. Kb1 Qxe4 23. Rxe4 g5 24. h5 g4 25. a3 Rd5 26. b4 Bb6 27. Rf1 Rg5 28. Bg3 Rxh5 29. Rxe6 d3 30. c4 Rd8 31. Rd1 Bc7 32. Re3 Bxg3 33. Rxg3 Rd4 34. Rdxd3 Rxc4 35. Rd6 Rh1+ 36. Kb2 Rh2 37. Kb3 Rc6 38. Rxc6+ bxc6 39. Rxg4 Kc7 40. Rg6 Rh5 41. Kc4 a5 42. g4 Re5 43. Rxh6 axb4 44. axb4 Re4+ 45. Kc5 Rxg4 46. Rxc6+ Kb7 47. Rh6 Rg5+ 48. Kc4 Rg4+ 49. Kb5 Rg5+ 50. Ka4 Rg4 51. Ka5 Rg5+ 52. b5 Rg7 53. Rd6 Rh7 54. Rg6 1/2-1/2

[Event "XXVII. Rhein-Main-Open, Gruppe B"]
[Site "Bad Homburg vor der Höhe"]
[Date "2025.06.22"]
[Round "7.6"]
[White "Bremer, Vincent"]
[Black "Reimer, Otto"]
[Result "1/2-1/2"]
[WhiteElo "1973"]
[BlackElo "1912"]
[PlyCount "103"]
[EventDate "2025.06.18"]
[WhiteTeam "TSG 1846 Bretzenheim/ZMO"]
[BlackTeam "SK Bad Homburg 1927"]

1. e4 c5 2. d4 cxd4 3. c3 dxc3 4. Nxc3 Nc6 5. Bc4 Nf6 6. Nf3 e6 7. Qe2 Bb4 8. O-O Bxc3 9. bxc3 O-O 10. e5 Nd5 11. Bxd5 exd5 12. Qd3 Qa5 13. Rd1 Ne7 14. h4 h6 15. Nd4 b6 16. Qg3 Kh7 17. f4 Ba6 18. f5 Rg8 19. Qe3 Rac8 20. Bd2 Rge8 21. f6 Ng8 22. fxg7 Qc5 23. Qf4 Bd3 24. h5 Qe7 25. Qg3 Be4 26. Rf1 Qxe5 27. Qxe5 Rxe5 28. Rxf7 Re7 29. Raf1 Rce8 30. Bc1 Rxf7 31. Rxf7 Re7 32. Rxe7 Nxe7 33. Ba3 Nf5 34. Nxf5 Bxf5 35. Bf8 Bg4 36. Kf2 Bxh5 37. Ke3 Bf7 38. a3 Kg6 39. Kf4 Kf6 40. g3 b5 41. Ke3 Ke5 42. Bc5 a5 43. Bb6 a4 44. Bc7+ d6 45. Bd8 Bg8 46. g4 Bh7 47. Bh4 Bg8 48. Bg3+ Kf6 49. Bxd6 Kxg7 50. Kd4 Bh7 51. Kxd5 Bd3 52. Ke5 1/2-1/2

[Event "XXVII. Rhein-Main-Open, Gruppe B"]
[Site "Bad Homburg vor der Höhe"]
[Date "2025.06.22"]
[Round "7.7"]
[White "Barthel, Bergit"]
[Black "Wesener, Joachim"]
[Result "1-0"]
[WhiteElo "1918"]
[BlackElo "1753"]
[PlyCount "31"]
[EventDate "2025.06.18"]
[WhiteTeam "SC Matt im Park Ffm"]
[BlackTeam "SC Hilchenbach"]

1. e4 c5 2. Nf3 g6 3. d4 cxd4 4. Nxd4 Nf6 5. Nc3 d6 6. Be3 Bd7 7. Be2 Nc6 8. O-O h5 9. h3 Qc8 10. f4 Bh6 11. Qd2 Na5 12. e5 dxe5 13. fxe5 Bxe3+ 14. Qxe3 Ng8 15. e6 Bxe6 16. Qe5 1-0

[Event "XXVII. Rhein-Main-Open, Gruppe B"]
[Site "Bad Homburg vor der Höhe"]
[Date "2025.06.22"]
[Round "7.8"]
[White "Francke, Helmut"]
[Black "Jacobs, Thomas"]
[Result "1-0"]
[WhiteElo "1875"]
[BlackElo "1801"]
[PlyCount "109"]
[EventDate "2025.06.18"]
[WhiteTeam "SC Bad Nauheim"]
[BlackTeam "SV 1929 Raunheim"]

1. Nf3 Nf6 2. g3 d5 3. Bg2 c6 4. d3 Bg4 5. Nbd2 Nbd7 6. h3 Bh5 7. O-O e6 8. b3 Be7 9. Bb2 O-O 10. e4 Qc7 11. e5 Ne8 12. Qe2 Kh8 13. g4 Bg6 14. Nh2 f6 15. f4 f5 16. g5 a5 17. a3 Bf7 18. Bf3 g6 19. Rfc1 Ng7 20. Nhf1 b5 21. Ng3 Rac8 22. Kg2 Rfd8 23. h4 c5 24. c4 bxc4 25. dxc4 d4 26. a4 Nb8 27. Rh1 Nc6 28. Rh3 d3 29. Qe3 Nd4 30. Bxd4 Rxd4 31. Rah1 Nh5 32. Nxh5 gxh5 33. Kg3 Rg8 34. Qe1 Qb6 35. Qd1 Qb4 36. R3h2 Bd8 37. Bxh5 Bxh5 38. Qxh5 Bc7 39. Qf7 Bxe5 40. fxe5 Rg4+ 41. Kh3 Qc3 42. Qf6+ Rg7 43. Qf8+ Rg8 44. Qf6+ Rg7 45. Qf8+ Rg8 46. Qxc5 Rd8 47. Rg1 Rxg1 48. Qxg1 Qxe5 49. Rf2 Qe3+ 50. Qg3 f4 51. Qf3 e5 52. Kg2 Rd4 53. c5 e4 54. Qxf4 Qe1 55. Qf8# 1-0

[Event "XXVII. Rhein-Main-Open, Gruppe B"]
[Site "Bad Homburg vor der Höhe"]
[Date "2025.06.22"]
[Round "7.9"]
[White "Kolker, Vladislav"]
[Black "Nikonenko, Hlib"]
[Result "0-1"]
[WhiteElo "1830"]
[BlackElo "1667"]
[PlyCount "62"]
[EventDate "2025.06.18"]
[WhiteTeam "SC Bad Nauheim"]
[BlackTeam "SV Oberursel"]

1. e4 e6 2. Nf3 d5 3. e5 c5 4. b4 cxb4 5. a3 Nc6 6. axb4 Bxb4 7. c3 Ba5 8. d4 a6 9. Bd3 h6 10. h4 b5 11. Ba3 b4 12. Bb2 Qb6 13. Qb3 bxc3 14. Qxb6 Bxb6 15. Bxc3 Nge7 16. Na3 Ra7 17. O-O O-O 18. Rfb1 Ba5 19. Bxa5 Nxa5 20. Rb6 Nec6 21. Rc1 Rb7 22. Rcb1 Ra7 23. Rc1 Bb7 24. Rc5 Rc8 25. Nd2 Kf8 26. Nb3 Nxb3 27. Rxb3 Rc7 28. Rb6 Ke7 29. Bc2 Kd8 30. Ba4 Nxd4 31. Ra5 Nc6 0-1

[Event "XXVII. Rhein-Main-Open, Gruppe B"]
[Site "Bad Homburg vor der Höhe"]
[Date "2025.06.22"]
[Round "7.10"]
[White "Beier, Claus Christian"]
[Black "Graschdankin, Roman"]
[Result "0-1"]
[WhiteElo "1670"]
[BlackElo "1756"]
[PlyCount "44"]
[EventDate "2025.06.18"]
[WhiteTeam "SK Bad Homburg 1927"]
[BlackTeam "SK Bad Homburg 1927"]

1. e4 c5 2. Nf3 Nc6 3. Bb5 e6 4. Bxc6 bxc6 5. d3 h6 6. O-O d5 7. e5 Ne7 8. Nc3 Nf5 9. b3 Be7 10. Ba3 Ba6 11. Re1 Bb5 12. Qe2 O-O 13. Bb2 a5 14. Nxb5 cxb5 15. a4 b4 16. Rad1 Rc8 17. g4 Nh4 18. Nd2 Bg5 19. Bc1 f5 20. exf6 Rxf6 21. Rf1 Qc7 22. f3 Rcf8 0-1

[Event "XXVII. Rhein-Main-Open, Gruppe B"]
[Site "Bad Homburg vor der Höhe"]
[Date "2025.06.22"]
[Round "7.11"]
[White "Reinhardt, Anton"]
[Black "Nichols, Uwe"]
[Result "1-0"]
[WhiteElo "1824"]
[BlackElo "1793"]
[PlyCount "61"]
[EventDate "2025.06.18"]
[WhiteTeam "Sabt Frankfurter TV 1860"]
[BlackTeam "SV Oberursel"]

1. e4 c5 2. c3 d6 3. d4 Nf6 4. d5 a6 5. Bd3 e6 6. c4 Be7 7. a4 O-O 8. f4 exd5 9. cxd5 Bg4 10. Nf3 c4 11. Bc2 Nbd7 12. Nc3 Re8 13. O-O Rb8 14. h3 Bxf3 15. Qxf3 Qb6+ 16. Kh1 Nc5 17. e5 Nfd7 18. Qg3 Nb3 19. Be3 Qd8 20. Rad1 Ndc5 21. Bxc5 Nxc5 22. Qg4 g6 23. e6 f5 24. Bxf5 Kg7 25. Bc2 Rf8 26. f5 Rf6 27. fxg6 h6 28. Rxf6 Bxf6 29. Qxc4 Qc7 30. b4 Bxc3 31. Qxc3+ 1-0

[Event "XXVII. Rhein-Main-Open, Gruppe B"]
[Site "Bad Homburg vor der Höhe"]
[Date "2025.06.22"]
[Round "7.12"]
[White "Leopold, Dieter"]
[Black "Nahler, Michael"]
[Result "1/2-1/2"]
[WhiteElo "1818"]
[BlackElo "1857"]
[PlyCount "99"]
[EventDate "2025.06.18"]
[WhiteTeam "SK Königsspringer Wewels"]
[BlackTeam "SV Oberursel"]

1. e4 e5 2. Nf3 Nf6 3. Nxe5 d6 4. Nf3 Nxe4 5. d4 d5 6. Bd3 Nc6 7. O-O Be7 8. Re1 Bg4 9. c3 Nf6 10. Nbd2 O-O 11. h3 Bh5 12. Nf1 Qd6 13. Ng3 Bg6 14. Ne5 Nd8 15. f4 Bxd3 16. Nxd3 g6 17. Qf3 Ne6 18. f5 Ng7 19. Bh6 Rfe8 20. Bxg7 Kxg7 21. Re2 Bf8 22. Rae1 Rxe2 23. Rxe2 Re8 24. Rxe8 Nxe8 25. fxg6 hxg6 26. Qg4 Kh7 27. Qf3 Nf6 28. Kf1 Bh6 29. Ne5 Kg7 30. Ne2 Qe7 31. Ng3 c6 32. h4 Nd7 33. Nxd7 Qxd7 34. h5 Qe6 35. hxg6 fxg6 36. Ne2 b5 37. g3 a5 38. Nf4 Qf5 39. Qf2 Qe4 40. Kg1 Bg5 41. Kh2 Kh6 42. Ng2 Kh5 43. Kh3 Qe6+ 44. Kh2 Kg4 45. Nf4 Qe4 46. Ng2 Qf3 47. Qe1 Qe4 48. Qf2 Qf3 49. Qe1 Qe4 50. Qf2 1/2-1/2

[Event "XXVII. Rhein-Main-Open, Gruppe B"]
[Site "Bad Homburg vor der Höhe"]
[Date "2025.06.22"]
[Round "7.14"]
[White "Spiegel, Nina"]
[Black "Krombach, Karl-Heinz"]
[Result "1-0"]
[WhiteElo "1696"]
[BlackElo "1899"]
[PlyCount "115"]
[EventDate "2025.06.18"]
[WhiteTeam "Sfr Stiller Zug Wiesbaden"]
[BlackTeam "SC Hilchenbach"]

1. c4 g6 2. g3 Bg7 3. Bg2 c6 4. Nc3 Nf6 5. e4 d6 6. Nge2 e5 7. O-O O-O 8. d4 exd4 9. Nxd4 Qb6 10. Nde2 Be6 11. b3 Rd8 12. Be3 Qc7 13. Rc1 Nbd7 14. Nd4 Nf8 15. h3 a6 16. Na4 c5 17. Ne2 b5 18. Nb2 Rac8 19. Qc2 b4 20. Rcd1 Bd7 21. Rd2 Bc6 22. Rfd1 Qb7 23. f3 Ne8 24. Bf4 Ne6 25. Be3 Qc7 26. Nd3 h6 27. Ndf4 Nxf4 28. Nxf4 Be5 29. Kh2 Bc3 30. Rd3 Kh7 31. h4 Ra8 32. Qc1 Bg7 33. Bh3 a5 34. h5 g5 35. Bf5+ Kg8 36. Nd5 Bxd5 37. exd5 Qe7 38. g4 a4 39. f4 axb3 40. axb3 Ra1 41. Qxa1 Bxa1 42. Rxa1 gxf4 43. Bxf4 Qe2+ 44. Kg3 Ng7 45. Re3 Nxf5+ 46. gxf5 Qb2 47. Rg1 Qf6 48. Kf3+ Kh7 49. Rge1 Qxf5 50. Re7 Rd7 51. Re8 Qxh5+ 52. Kg2 Qg6+ 53. Kf3 h5 54. Be3 Qg4+ 55. Kf2 Ra7 56. Bd2 Ra2 57. R8e2 Qf4+ 58. Bxf4 1-0

[Event "XXVII. Rhein-Main-Open, Gruppe B"]
[Site "Bad Homburg vor der Höhe"]
[Date "2025.06.22"]
[Round "7.15"]
[White "Stiller, Harald"]
[Black "Fernandez Egea, Andres"]
[Result "0-1"]
[WhiteElo "1640"]
[BlackElo "1849"]
[PlyCount "40"]
[EventDate "2025.06.18"]
[BlackTeam "SF Frankfurt 1921"]

1. d4 Nf6 2. c4 e5 3. dxe5 Ne4 4. a3 d6 5. Qc2 Bf5 6. Nc3 Nxf2 7. Qxf5 Nxh1 8. e6 Qf6 9. exf7+ Kxf7 10. Qd5+ Ke8 11. Nf3 c6 12. Qe4+ Kd7 13. Bg5 Qe6 14. Qf4 h6 15. Bh4 g5 16. Bxg5 hxg5 17. Nxg5 Qe5 18. Qg4+ Kc7 19. Nf7 Qh5 20. Qe6 Rh7 0-1

[Event "XXVII. Rhein-Main-Open, Gruppe B"]
[Site "Bad Homburg vor der Höhe"]
[Date "2025.06.22"]
[Round "7.16"]
[White "Müller, Jens"]
[Black "Lebermann, Hellmuth"]
[Result "0-1"]
[WhiteElo "1692"]
[BlackElo "1886"]
[PlyCount "54"]
[EventDate "2025.06.18"]
[WhiteTeam "SV 1920 Hofheim"]
[BlackTeam "SK Bad Homburg 1927"]

1. e4 e5 2. Nf3 d5 3. Nxe5 Bd6 4. d4 Qe7 5. Be2 dxe4 6. O-O Bxe5 7. dxe5 Qxe5 8. Nc3 Nf6 9. Re1 O-O 10. Bf3 Bf5 11. Bg5 Nbd7 12. Qe2 Rfe8 13. Bxf6 Nxf6 14. g3 Re7 15. Bg2 c6 16. Rad1 Rae8 17. Qc4 Qc7 18. Qc5 Bg4 19. Rd2 b6 20. Qg5 h6 21. Qe3 Bf3 22. Rd4 Ng4 23. Qd2 Bxg2 24. Kxg2 f5 25. Nd1 Ne5 26. Qf4 Nf3 27. Qxc7 Rxc7 0-1

[Event "XXVII. Rhein-Main-Open, Gruppe B"]
[Site "Bad Homburg vor der Höhe"]
[Date "2025.06.22"]
[Round "7.17"]
[White "Kesavan, Sarvesh"]
[Black "Beier, Martin"]
[Result "0-1"]
[WhiteElo "1691"]
[BlackElo "1781"]
[PlyCount "74"]
[EventDate "2025.06.18"]
[WhiteTeam "SK Bad Homburg 1927"]
[BlackTeam "SK Bad Homburg 1927"]

1. e4 e6 2. d4 d5 3. Nd2 Be7 4. Ngf3 Nf6 5. exd5 exd5 6. Bd3 Bg4 7. h3 Bh5 8. c3 Nbd7 9. O-O O-O 10. Re1 Bd6 11. Nf1 c6 12. Ng3 Bg6 13. Bg5 Qb6 14. Bxg6 hxg6 15. Qc2 Bxg3 16. fxg3 Ne4 17. Bf4 Ndf6 18. g4 Rfe8 19. Be5 Re6 20. Bxf6 Rxf6 21. Rf1 Re8 22. Rae1 Rfe6 23. Ne5 Rxe5 24. Rf4 R5e6 25. Ref1 Rf6 26. c4 Qxd4+ 27. Kh2 Rxf4 28. Rxf4 Qe5 29. g3 g5 30. Rf3 Nf6 31. Rf2 dxc4 32. Qxc4 Qe3 33. Kg1 Qe1+ 34. Rf1 Qxg3+ 35. Kh1 Qxh3+ 36. Kg1 Qxg4+ 37. Qxg4 Nxg4 0-1

[Event "XXVII. Rhein-Main-Open, Gruppe B"]
[Site "Bad Homburg vor der Höhe"]
[Date "2025.06.22"]
[Round "7.19"]
[White "Graf, Michael"]
[Black "Aechtner, Folke"]
[Result "0-1"]
[WhiteElo "1724"]
[BlackElo "1741"]
[PlyCount "56"]
[EventDate "2025.06.18"]
[WhiteTeam "Schachunion Schorndorf e.V."]

1. b4 b6 2. Bb2 Bb7 3. c4 e6 4. e3 Nf6 5. b5 d5 6. Nf3 Be7 7. Nc3 O-O 8. Be2 Nbd7 9. d4 dxc4 10. Bxc4 Nd5 11. O-O N7f6 12. Ne5 Bd6 13. Qb3 Nxc3 14. Bxc3 Ne4 15. f3 Nxc3 16. Qxc3 Qh4 17. f4 Bxe5 18. fxe5 c5 19. Rf4 Qg5 20. g3 cxd4 21. exd4 Rac8 22. Qb3 Rc7 23. Raf1 Rxc4 24. Qxc4 Rc8 25. Qd3 Rc7 26. a4 Qd8 27. Rh4 Qd5 28. Qxh7+ Kf8 0-1

[Event "XXVII. Rhein-Main-Open, Gruppe B"]
[Site "Bad Homburg vor der Höhe"]
[Date "2025.06.22"]
[Round "7.20"]
[White "Rausch, Pius"]
[Black "Shanmuganathan, Adhav"]
[Result "1/2-1/2"]
[WhiteElo "1541"]
[BlackElo "1719"]
[PlyCount "41"]
[EventDate "2025.06.18"]
[WhiteTeam "SK Stadtallendorf"]
[BlackTeam "SV 1934 Ffm-Griesheim"]

1. d4 d5 2. Nf3 Bf5 3. e3 e6 4. Bd3 Bg6 5. c3 Nf6 6. O-O c5 7. Re1 c4 8. Bc2 Nbd7 9. Nbd2 Bd6 10. e4 dxe4 11. Nxe4 Nxe4 12. Bxe4 Bxe4 13. Rxe4 Nf6 14. Bg5 h6 15. Bxf6 gxf6 16. Qa4+ Qd7 17. Qxc4 Rc8 18. Qd3 Rg8 19. Rae1 Rc5 20. d5 Rxd5 21. Qe3 1/2-1/2

[Event "XXVII. Rhein-Main-Open, Gruppe B"]
[Site "Bad Homburg vor der Höhe"]
[Date "2025.06.22"]
[Round "7.22"]
[White "Morgen, Andreas"]
[Black "Yash Sunil Dalal"]
[Result "1-0"]
[WhiteElo "1766"]
[BlackElo "1449"]
[PlyCount "127"]
[EventDate "2025.06.18"]
[WhiteTeam "SK Marburg 1931/72"]

1. e4 e5 2. Nf3 Nc6 3. Bc4 Nf6 4. Ng5 Bc5 5. Bxf7+ Kf8 6. Bb3 h6 7. Nf3 Nxe4 8. O-O d5 9. d3 Nxf2 10. Rxf2 Bxf2+ 11. Kxf2 Qf6 12. Kg1 Bg4 13. Bxd5 Rd8 14. Be4 Kf7 15. Qf1 Bxf3 16. Qxf3 Nd4 17. Qxf6+ Kxf6 18. Na3 c6 19. Be3 a6 20. c3 Ne6 21. Rf1+ Ke7 22. Nc4 Rhf8 23. Rxf8 Rxf8 24. Nxe5 Kd6 25. Nc4+ Kc7 26. Bf3 Nf4 27. Bb6+ Kb8 28. Ne5 Re8 29. d4 Nd5 30. Bxd5 cxd5 31. a4 Re6 32. a5 Kc8 33. Kf2 Rf6+ 34. Ke3 g5 35. g3 Rf1 36. c4 dxc4 37. Nxc4 Kd7 38. h4 Rc1 39. Ne5+ Kd6 40. hxg5 hxg5 41. Nf7+ Kd5 42. Nxg5 Rb1 43. Kf4 Rxb2 44. Nh3 Rh2 45. Kg4 Ke4 46. Ng5+ Kd5 47. Nf3 Rh7 48. Ne5 Rg7+ 49. Kf4 Rg8 50. g4 Rf8+ 51. Kg5 Rg8+ 52. Kf6 Rf8+ 53. Nf7 Rg8 54. g5 Kc6 55. g6 Kd7 56. g7 Ke8 57. Nh6 Rf8+ 58. gxf8=Q+ Kxf8 59. d5 Ke8 60. Ke6 Kf8 61. d6 Ke8 62. d7+ Kf8 63. d8=Q+ Kg7 64. Qg8+ 1-0

[Event "XXVII. Rhein-Main-Open, Gruppe B"]
[Site "Bad Homburg vor der Höhe"]
[Date "2025.06.22"]
[Round "7.23"]
[White "Kim, David"]
[Black "Lopez Fuertes, Victor"]
[Result "0-1"]
[WhiteElo "1578"]
[BlackElo "1749"]
[PlyCount "132"]
[EventDate "2025.06.18"]
[WhiteTeam "SV 1920 Hofheim"]
[BlackTeam "SC 1910 Höchst"]

1. e4 b6 2. d4 Bb7 3. Bd3 e6 4. Nf3 Nf6 5. Nc3 Bb4 6. e5 Ne4 7. Bxe4 Bxe4 8. Bd2 Bb7 9. a3 Be7 10. Na2 d6 11. exd6 cxd6 12. O-O O-O 13. Nc3 a6 14. Bf4 Nd7 15. Re1 b5 16. Ne4 Nf6 17. Ng3 Rc8 18. Rc1 Re8 19. Qd3 h6 20. h3 Nd5 21. Bd2 Nb6 22. b3 Qd7 23. Bc3 Qc6 24. Bb2 Bf6 25. Qe4 Qd7 26. Qd3 Nd5 27. Ne2 Nb6 28. Ng3 Rc7 29. Nd2 Rec8 30. Re2 Nd5 31. Nh5 Be7 32. Qg3 g6 33. Nf3 Nc3 34. Re3 Kf8 35. Nf4 Ne4 36. Qh2 Rxc2 37. Rxc2 Rxc2 38. Re2 Qc7 39. Ne1 Rxe2 40. Nxe2 Qc6 41. Qf4 Bg5 42. Qf3 Bd2 43. Nd3 Qc2 44. b4 Nc5 45. Qg3 Nxd3 46. Qxd6+ Kg7 47. d5+ Qxb2 48. dxe6 Qa1+ 49. Kh2 Qe5+ 50. Qxe5+ Nxe5 51. exf7 Kxf7 52. f4 Nc4 53. g3 Nxa3 54. Nd4 Bxb4 55. Kg1 Bc5 56. f5 Bxd4+ 57. Kh2 gxf5 58. h4 b4 59. h5 b3 60. g4 Be5+ 61. Kh3 fxg4+ 62. Kh4 b2 63. Kxg4 Be4 64. Kh3 b1=Q 65. Kh4 Qe1+ 66. Kg4 Qg3# 0-1

[Event "XXVII. Rhein-Main-Open, Gruppe B"]
[Site "Bad Homburg vor der Höhe"]
[Date "2025.06.22"]
[Round "7.24"]
[White "Henn, Jochen"]
[Black "Erke, Georg"]
[Result "1-0"]
[WhiteElo "1723"]
[BlackElo "1634"]
[PlyCount "115"]
[EventDate "2025.06.18"]
[WhiteTeam "SC Bad Nauheim"]
[BlackTeam "VSG 1880 Offenbach"]

1. e4 d5 2. exd5 Qxd5 3. Nc3 Qa5 4. d4 Nf6 5. Nf3 Bg4 6. h3 Bh5 7. g4 Bg6 8. Ne5 Nbd7 9. Nxd7 Nxd7 10. Bd2 O-O-O 11. Bg2 e6 12. O-O c6 13. Ne2 Qc7 14. c3 Bd6 15. Qc1 h5 16. g5 f6 17. Bf4 Bf7 18. Bxd6 Qxd6 19. Ng3 h4 20. Ne4 Qc7 21. a4 e5 22. dxe5 Qxe5 23. Re1 Qc7 24. Qe3 Kb8 25. b4 Rhe8 26. Qf3 Bd5 27. Qg4 Rh8 28. a5 a6 29. Rad1 Rdf8 30. Qe2 f5 31. Nd2 Bxg2 32. Kxg2 f4 33. Nf3 Rf7 34. Qe6 Rhf8 35. g6 Rf6 36. Qxd7 Rxg6+ 37. Kh2 Qxd7 38. Rxd7 Kc8 39. Ree7 Rg8 40. Rc7+ Kb8 41. Rxb7+ Kc8 42. Rec7+ Kd8 43. Ne5 Rf6 44. Nxc6+ Rxc6 45. Rxc6 Rf8 46. Rxa6 Kc8 47. Rxg7 Kb8 48. Rh6 f3 49. Rxh4 Ka8 50. Kg3 Kb8 51. Rf4 Rxf4 52. Kxf4 Kc8 53. Kxf3 Kb8 54. Ke4 Ka8 55. Kd5 Kb8 56. Kc6 Ka8 57. Kb6 Kb8 58. Rg8# 1-0

[Event "XXVII. Rhein-Main-Open, Gruppe B"]
[Site "Bad Homburg vor der Höhe"]
[Date "2025.06.22"]
[Round "7.26"]
[White "Schlömer, Andreas"]
[Black "Hofmann, Marco"]
[Result "1-0"]
[WhiteElo "1759"]
[BlackElo "1668"]
[PlyCount "91"]
[EventDate "2025.06.18"]
[WhiteTeam "SK Upland Willingen"]
[BlackTeam "VSG 1880 Offenbach"]

1. c4 e6 2. g3 d5 3. cxd5 exd5 4. Bg2 Nf6 5. Nf3 Be7 6. O-O O-O 7. a3 Be6 8. b4 c6 9. Bb2 Nbd7 10. d3 Qc7 11. Nbd2 Rad8 12. Rc1 Ng4 13. Nd4 Nde5 14. Nxe6 fxe6 15. d4 Ng6 16. Bh3 Nf6 17. Bxe6+ Kh8 18. Bf5 Rde8 19. Qc2 Bd6 20. Bxg6 hxg6 21. Rce1 Qf7 22. e4 dxe4 23. Nxe4 Nxe4 24. Rxe4 Kg8 25. Rfe1 Rxe4 26. Rxe4 Re8 27. Rxe8+ Qxe8 28. Qd2 Qe4 29. Bc1 a6 30. Qe3 Qd5 31. Qc3 Kh7 32. Be3 Kg8 33. Qc2 Kh7 34. Qd2 Be7 35. h4 Bf6 36. Qc3 Be7 37. Bf4 Bf6 38. Be5 Be7 39. Qe3 Kg8 40. Bxg7 Kxg7 41. Qxe7+ Kh6 42. Qxb7 Qxd4 43. Qxa6 Qd1+ 44. Kg2 Qd4 45. Qe2 Qc3 46. Qe3+ 1-0

[Event "XXVII. Rhein-Main-Open, Gruppe B"]
[Site "Bad Homburg vor der Höhe"]
[Date "2025.06.22"]
[Round "7.27"]
[White "Peschk, Kathrin"]
[Black "Saar, Gabriel"]
[Result "1/2-1/2"]
[WhiteElo "1640"]
[BlackElo "1729"]
[PlyCount "46"]
[EventDate "2025.06.18"]
[WhiteTeam "SV 1946 Groß-Gerau"]
[BlackTeam "SG Wartturm Schaafheim"]

1. e4 e5 2. Nf3 Nc6 3. Bc4 Bc5 4. c3 Nf6 5. d4 exd4 6. e5 Ng8 7. cxd4 Bb4+ 8. Nc3 d5 9. Be2 Be6 10. O-O Nge7 11. a3 Ba5 12. b4 Bb6 13. Be3 a6 14. Na4 Ba7 15. Nc5 Qc8 16. Qc2 Nf5 17. Rfd1 Nxe3 18. fxe3 O-O 19. Ng5 Bf5 20. Bd3 Bxd3 21. Qxd3 g6 22. e4 dxe4 23. Ngxe4 Ne7 1/2-1/2

[Event "XXVII. Rhein-Main-Open, Gruppe B"]
[Site "Bad Homburg vor der Höhe"]
[Date "2025.06.22"]
[Round "7.28"]
[White "Fonseca, Luis"]
[Black "Piacentino, Mirco"]
[Result "1/2-1/2"]
[WhiteElo "1794"]
[BlackElo "1623"]
[PlyCount "66"]
[EventDate "2025.06.18"]
[WhiteTeam "Sabt Frankfurter TV 1860"]
[BlackTeam "SV 1934 Ffm-Griesheim"]

1. Nf3 Nf6 2. g3 g6 3. Bg2 Bg7 4. O-O d5 5. c4 dxc4 6. Qa4+ c6 7. Qxc4 Be6 8. Qc2 O-O 9. Nc3 Qd7 10. Ng5 Bf5 11. d3 h6 12. Nf3 Bh3 13. Qb3 Bxg2 14. Kxg2 Nd5 15. Bd2 Na6 16. Rab1 Nc5 17. Qc2 a5 18. Nxd5 Qxd5 19. Bc3 Ne6 20. Bxg7 Kxg7 21. Qc4 Qxc4 22. dxc4 Rfd8 23. Rfd1 Rac8 24. Rd2 Rxd2 25. Nxd2 Rd8 26. Nb3 a4 27. Na5 Nc5 28. b4 axb3 29. Nxb3 Nxb3 30. Rxb3 Rd2 31. Rxb7 Rxe2 32. Rb6 Rxa2 33. Rxc6 Rc2 1/2-1/2

[Event "XXVII. Rhein-Main-Open, Gruppe B"]
[Site "Bad Homburg vor der Höhe"]
[Date "2025.06.22"]
[Round "7.29"]
[White "Kostadinov, Emanuel"]
[Black "Smid, Marcel"]
[Result "0-1"]
[WhiteElo "1518"]
[BlackElo "1631"]
[PlyCount "72"]
[EventDate "2025.06.18"]
[WhiteTeam "SV 1920 Hofheim"]

1. e4 c6 2. d4 d5 3. e5 c5 4. c3 Nc6 5. Nf3 Bg4 6. Bb5 e6 7. Be3 Qb6 8. Qa4 Bxf3 9. gxf3 cxd4 10. cxd4 Nge7 11. Nd2 Nf5 12. Rc1 Rc8 13. O-O Be7 14. Nb3 O-O 15. Bxc6 bxc6 16. Rc2 Nxe3 17. fxe3 c5 18. Rfc1 c4 19. Nd2 a6 20. b3 Qb5 21. Qxb5 axb5 22. bxc4 bxc4 23. a4 Ra8 24. Ra2 Rfb8 25. Nb1 Bb4 26. Nc3 Rb6 27. Nb5 Rxb5 28. axb5 Rxa2 29. Rb1 Bd2 30. b6 Ra8 31. b7 Rb8 32. Ra1 Bxe3+ 33. Kg2 Bxd4 34. Ra8 Bxe5 35. Kf2 Kf8 36. Ke3 Ke7 0-1

[Event "XXVII. Rhein-Main-Open, Gruppe B"]
[Site "Bad Homburg vor der Höhe"]
[Date "2025.06.22"]
[Round "7.30"]
[White "Friedel, Thomas"]
[Black "Nikonenko, Tymofii"]
[Result "1-0"]
[WhiteElo "1721"]
[BlackElo "1495"]
[PlyCount "137"]
[EventDate "2025.06.18"]
[WhiteTeam "SV 1946 Groß-Gerau"]
[BlackTeam "SV Oberursel"]

1. Nf3 d5 2. d4 e6 3. c4 Nf6 4. Nc3 Be7 5. Qc2 Nbd7 6. Bf4 a6 7. h3 c5 8. cxd5 Nxd5 9. Nxd5 exd5 10. dxc5 Nxc5 11. e3 Ne4 12. a3 Bf5 13. Qa4+ b5 14. Qd4 O-O 15. Be2 Bf6 16. Be5 Bxe5 17. Nxe5 h6 18. O-O Qd6 19. Rfd1 Nf6 20. Bf3 Rfe8 21. Nd3 Bxd3 22. Rxd3 Re7 23. Bxd5 Nxd5 24. Qxd5 Qxd5 25. Rxd5 Rc8 26. Rad1 Rc2 27. Rd8+ Kh7 28. R8d2 Rec7 29. Kf1 a5 30. Ke2 R2c5 31. Rd5 Rc2+ 32. R1d2 Rxd2+ 33. Kxd2 Rb7 34. Rc5 Kg6 35. Rc6+ Kf5 36. Ra6 a4 37. Rd6 Ke5 38. Rd4 g5 39. h4 f6 40. g3 Rc7 41. Rb4 Rc5 42. Kd3 Rd5+ 43. Rd4 Rc5 44. hxg5 hxg5 45. g4 Rc1 46. Rb4 Rc5 47. f4+ gxf4 48. Rxf4 Rc1 49. Rf5+ Ke6 50. Rxb5 Rg1 51. Rb4 Rd1+ 52. Ke4 Rg1 53. Kd3 Rd1+ 54. Kc2 Re1 55. Re4+ Kf7 56. Rxa4 Rxe3 57. Rd4 Re2+ 58. Kc3 Re3+ 59. Kc4 Re8 60. b4 Rc8+ 61. Kb3 Rc1 62. a4 Rb1+ 63. Kc4 Ke6 64. Kb5 Ke5 65. Rc4 Rd1 66. a5 Rd8 67. Kb6 Rb8+ 68. Kc7 Ra8 69. Kb7 1-0